[Event "Oberliga Nord W 0001"]
[Site "Germany"]
[Date "2001.01.28"]
[Round "5.1"]
[White "Panzer, Peter"]
[Black "Oppitz, Peter"]
[Result "1-0"]
[WhiteElo "2350"]
[BlackElo "2250"]
[PlyCount "103"]
[EventDate "2000.10.15"]
[EventType "team"]
[EventRounds "9"]
[EventCountry "GER"]
[SourceTitle "EXT 2003"]
[Source "ChessBase"]
[SourceDate "2002.11.25"]
[SourceVersion "1"]
[SourceVersionDate "2002.11.25"]
[SourceQuality "1"]
[WhiteTeam "Hannover SV"]
[BlackTeam "Braunschweig SF"]
[WhiteTeamCountry "GER"]
[BlackTeamCountry "GER"]

1. d4 d5 2. Bg5 c5 3. dxc5 Nc6 4. e4 dxe4 5. Qxd8+ Nxd8 6. Bb5+ Nc6 7. Nc3 Bf5 8. Nge2 h6 9. Be3 Nf6 10. Nd4 Bd7 11. Nxc6 Bxc6 12. Bxc6+ bxc6 13. Bd4 0-0-0 14. 0-0-0 Nd5 15. Nxe4 Nf4 16. Bc3 Rxd1+ 17. Rxd1 f5 18. Ng3 e6 19. b4 Nd5 20. Bd2 Be7 21. c4 Nf6 22. f3 Rd8 23. Bc3 Rxd1+ 24. Kxd1 Kd7 25. Ne2 a5 26. b5 Bxc5 27. Bxa5 cxb5 28. cxb5 Nd5 29. Bd2 Be3 30. Nc3 Bxd2 31. Kxd2 Nb6 32. Kd3 Kd6 33. a4 Kc5 34. a5 Nc4 35. a6 Ne5+ 36. Kc2 Kb6 37. Na4+ Ka7 38. Kc3 Nd7 39. Kb4 e5 40. Nc3 Nb6 41. Kc5 g5 42. Kd6 Nc4+ 43. Kd5 Ne3+ 44. Kxe5 Nxg2 45. Kxf5 Kb6 46. Nd5+ Ka7 47. Ke5 Ne1 48. Kd6 Nxf3 49. Kc7 Nd4 50. b6+ Kxa6 51. Nb4+ Kb5 52. b7 1-0

[Event "Oberliga Nord W 0001"]
[Site "Germany"]
[Date "2000.12.10"]
[Round "3.1"]
[White "Panzer, Peter"]
[Black "Meyer, Malte"]
[Result "1-0"]
[WhiteElo "2350"]
[BlackElo "2194"]
[PlyCount "91"]
[EventDate "2000.10.15"]
[EventType "team"]
[EventRounds "9"]
[EventCountry "GER"]
[SourceTitle "EXT 2003"]
[Source "ChessBase"]
[SourceDate "2002.11.25"]
[SourceVersion "1"]
[SourceVersionDate "2002.11.25"]
[SourceQuality "1"]
[WhiteTeam "Hannover SV"]
[BlackTeam "Delmenhorst II"]
[WhiteTeamCountry "GER"]
[BlackTeamCountry "GER"]

1. d4 d5 2. c4 c6 3. Nf3 Nf6 4. Nc3 e6 5. e3 Nbd7 6. Bd3 dxc4 7. Bxc4 b5 8. Bd3 Bb7 9. 0-0 a6 10. a4 b4 11. Ne4 c5 12. Nxf6+ Nxf6 13. Qe2 Be7 14. dxc5 0-0 15. e4 Nd7 16. c6 Bxc6 17. Nd4 Bb7 18. Rd1 Nc5 19. Bc4 Qc7 20. f3 Rac8 21. b3 Bf6 22. Be3 Be5 23. g3 h5 24. Rac1 h4 25. gxh4 Kh7 26. Qf2 Qe7 27. Ne2 Bf6 28. h5 Bh4 29. Ng3 Kh8 30. Qb2 Bg5 31. Qd2 Bxe3+ 32. Qxe3 Kh7 33. Be2 a5 34. Rc2 Rc7 35. Rdc1 Rfc8 36. Qf4 Na6 37. Rxc7 Rxc7 38. Rxc7 Qxc7 39. Qxc7 Nxc7 40. Kf2 e5 41. Bc4 f6 42. Nf5 Bc6 43. Bg8+ Kh8 44. Bf7 Na8 45. Ne7 Bd7 46. Ng6+ 1-0

[Event "Oberliga Nord W 9900"]
[Site "Germany"]
[Date "2000.02.20"]
[Round "6.1"]
[White "Panzer, Peter"]
[Black "Sadewasser, Axel"]
[Result "1-0"]
[WhiteElo "2342"]
[BlackElo "2205"]
[PlyCount "81"]
[EventDate "1999.10.??"]
[EventType "team"]
[EventRounds "9"]
[EventCountry "GER"]
[SourceTitle "EXT 2003"]
[Source "ChessBase"]
[SourceDate "2002.11.25"]
[SourceVersion "1"]
[SourceVersionDate "2002.11.25"]
[SourceQuality "1"]
[WhiteTeam "Hannover SV"]
[BlackTeam "Hannover Post"]
[WhiteTeamCountry "GER"]
[BlackTeamCountry "GER"]

1. d4 Nf6 2. Bg5 Ne4 3. Bf4 c5 4. d5 Qb6 5. Bc1 e6 6. f3 Qa5+ 7. c3 Nf6 8. e4 d6 9. Bd2 Qc7 10. c4 b5 11. b3 Be7 12. Na3 bxc4 13. bxc4 0-0 14. Ne2 exd5 15. cxd5 Nh5 16. Nc3 f5 17. exf5 Bxf5 18. Be2 Bg6 19. g3 Nd7 20. Nc4 Nb6 21. Ne3 Qd7 22. 0-0 Qh3 23. f4 Nf6 24. a4 Qc8 25. a5 Nbd7 26. Qa4 Rb8 27. Bb5 a6 28. Bc6 Rb4 29. Qd1 Nb8 30. Ba4 Bh5 31. Qc2 Ng4 32. Nxg4 Bxg4 33. Ne4 Rb7 34. Qc4 Bf5 35. Bc2 Rb5 36. Bc3 Nd7 37. Rfe1 Nf6 38. Ng5 Bxc2 39. Rxe7 Bb3 40. Qd3 Bxd5 41. Rxg7+ 1-0

[Event "Oberliga Nord W 9899"]
[Site "Germany"]
[Date "1999.03.07"]
[Round "7.2"]
[White "Heinemann, Dieter"]
[Black "Panzer, Peter"]
[Result "0-1"]
[WhiteElo "2310"]
[BlackElo "2340"]
[PlyCount "60"]
[EventDate "1998.10.??"]
[EventType "team"]
[EventRounds "9"]
[EventCountry "GER"]
[SourceTitle "EXT 2003"]
[Source "ChessBase"]
[SourceDate "2002.11.25"]
[SourceVersion "1"]
[SourceVersionDate "2002.11.25"]
[SourceQuality "1"]
[WhiteTeam "Bremen Nord"]
[BlackTeam "Hannover SV"]
[WhiteTeamCountry "GER"]
[BlackTeamCountry "GER"]

1. d4 Nf6 2. c4 g6 3. Nc3 Bg7 4. e4 d6 5. Be2 0-0 6. Bg5 Na6 7. Qd2 e5 8. Nf3 Qe8 9. dxe5 dxe5 10. Rd1 Nc5 11. Qc2 c6 12. Be3 Qe7 13. 0-0 Ng4 14. Bg5 f6 15. Bc1 f5 16. Nd2 Nf6 17. b4 Ne6 18. Qb1 Nd4 19. Bd3 f4 20. f3 a5 21. a3 axb4 22. axb4 b6 23. Ne2 c5 24. b5 g5 25. Nc3 g4 26. Nb3 Kh8 27. Kh1 Nh5 28. Nxd4 cxd4 29. Nd5 Qh4 30. Nxb6 g3 0-1

[Event "Oberliga Nord W 9697"]
[Site "Germany"]
[Date "1996.10.??"]
[Round "6.1"]
[White "Bangiev, Alexander J"]
[Black "Panzer, Peter"]
[Result "1-0"]
[WhiteElo "2400"]
[BlackElo "2345"]
[PlyCount "51"]
[EventDate "1996.10.??"]
[EventType "team"]
[EventRounds "9"]
[EventCountry "GER"]
[SourceTitle "CBM 057"]
[Source "ChessBase"]
[SourceDate "1997.04.01"]
[SourceVersion "1"]
[SourceVersionDate "1997.04.01"]
[SourceQuality "1"]
[WhiteTeam "Isernhagen"]
[BlackTeam "Hannover SV"]
[WhiteTeamCountry "GER"]
[BlackTeamCountry "GER"]

1. e4 c5 2. Nc3 e6 3. Nf3 Nc6 4. d4 cxd4 5. Nxd4 Qc7 6. Be3 a6 7. Bd3 Nf6 8. 0-0 Ne5 9. h3 d6 10. f4 Ned7 11. g4 Nc5 12. g5 Nfd7 13. Qe1 b5 14. b4 Nxd3 15. cxd3 Bb7 16. Rc1 Qd8 17. f5 exf5 18. Nd5 Rc8 19. Rxc8 Qxc8 20. Nxf5 h6 21. Qf2 Bxd5 22. exd5 g6 23. Bd4 Rh7 24. Ng7+ Bxg7 25. Qxf7+ Kd8 26. Bxg7 1-0

[Event "Oberliga Nord W 9596"]
[Site "Germany"]
[Date "1996.03.24"]
[Round "7.2"]
[White "Panzer, Peter"]
[Black "Kosak, Robert"]
[Result "0-1"]
[WhiteElo "2360"]
[BlackElo "2220"]
[PlyCount "72"]
[EventDate "1995.10.??"]
[EventType "team"]
[EventRounds "9"]
[EventCountry "GER"]
[SourceTitle "EXT 2003"]
[Source "ChessBase"]
[SourceDate "2002.11.25"]
[SourceVersion "1"]
[SourceVersionDate "2002.11.25"]
[SourceQuality "1"]
[WhiteTeam "Hannover SV"]
[BlackTeam "Bremen Nord"]
[WhiteTeamCountry "GER"]
[BlackTeamCountry "GER"]

1. Nf3 Nf6 2. c4 c5 3. Nc3 g6 4. d4 cxd4 5. Nxd4 Bg7 6. e4 Nc6 7. Be3 Ng4 8. Qxg4 Nxd4 9. Qd1 Ne6 10. Qd2 Qa5 11. Rc1 b6 12. Be2 Bb7 13. f3 d6 14. 0-0 g5 15. Rfd1 h5 16. Nd5 Qxd2 17. Rxd2 Be5 18. b4 Rc8 19. g3 h4 20. Bf2 hxg3 21. hxg3 f6 22. Kg2 Kf7 23. a4 Bxd5 24. Rxd5 Rcg8 25. Bg1 Rh6 26. Be3 Rgh8 27. Rg1 Rh2+ 28. Kf1 R8h3 29. Bf2 Bc3 30. a5 Bxb4 31. axb6 axb6 32. Bxb6 Nc5 33. Rd1 g4 34. fxg4 Nxe4 35. Rg2 Nxg3+ 36. Kf2 Nxe2 0-1

[Event "Oberliga Nord W 9596"]
[Site "Germany"]
[Date "1996.02.25"]
[Round "6.2"]
[White "Boehnisch, Manfred"]
[Black "Panzer, Peter"]
[Result "0-1"]
[WhiteElo "2315"]
[BlackElo "2360"]
[PlyCount "178"]
[EventDate "1995.10.??"]
[EventType "team"]
[EventRounds "9"]
[EventCountry "GER"]
[SourceTitle "EXT 2003"]
[Source "ChessBase"]
[SourceDate "2002.11.25"]
[SourceVersion "1"]
[SourceVersionDate "2002.11.25"]
[SourceQuality "1"]
[WhiteTeam "Isernhagen"]
[BlackTeam "Hannover SV"]
[WhiteTeamCountry "GER"]
[BlackTeamCountry "GER"]

1. e4 c5 2. Nf3 e6 3. b3 d6 4. Bb2 Nf6 5. Bb5+ Nbd7 6. Qe2 Be7 7. d4 cxd4 8. Nxd4 0-0 9. Nd2 a6 10. Bd3 Nc5 11. 0-0 Bd7 12. c4 Nxd3 13. Qxd3 Qc7 14. Rac1 b6 15. Rfd1 Bc8 16. f3 Bb7 17. Nf1 Rac8 18. Kh1 Qb8 19. Ne3 Rfd8 20. Ne2 Nd7 21. Ng4 Nc5 22. Qc3 e5 23. Ng3 g6 24. Rc2 b5 25. Qe3 Ne6 26. Bc1 bxc4 27. bxc4 h5 28. Nf2 Qc7 29. Nd3 Nd4 30. Rc3 a5 31. f4 h4 32. Nf1 h3 33. Qxh3 Bxe4 34. Ng3 Bc6 35. Nf2 Bd7 36. Ng4 Bxg4 37. Qxg4 Qd7 38. h3 Qxg4 39. hxg4 Rd7 40. Be3 Rdc7 41. Bxd4 exd4 42. Rcd3 Rxc4 43. Rxd4 Rxd4 44. Rxd4 Rc3 45. Kh2 Ra3 46. Rd2 d5 47. g5 Bd6 48. Ne2 Bb4 49. Rxd5 Rxa2 50. Rd8+ Kg7 51. Nd4 Rd2 52. f5 Bc3 53. f6+ Kh7 54. Rd7 Rxd4 55. Rxf7+ Kg8 56. Rg7+ Kf8 57. Rxg6 Rh4+ 58. Kg3 Rh7 59. f7 Rxf7 60. Ra6 Kg7 61. Kg4 Rd7 62. Kh5 Bd2 63. Rg6+ Kh8 64. Ra6 Rd5 65. g4 Rxg5+ 66. Kh4 Rd5 67. Ra7 Be1+ 68. Kh3 Bf2 69. Ra6 Kg7 70. Kg2 Be1 71. Kf3 Bb4 72. Ke4 Rg5 73. Kf3 Kf7 74. Kf4 Bd2+ 75. Kg3 Re5 76. Rd6 Bg5 77. Ra6 Re3+ 78. Kf2 Ra3 79. Kg2 a4 80. Kf2 Bf6 81. Ke2 Ra1 82. Kd3 a3 83. Kc2 Be7 84. Kb3 Rb1+ 85. Ka2 Rb2+ 86. Ka1 Rg2 87. Ra4 Bf6+ 88. Kb1 Rb2+ 89. Kc1 Bg5+ 0-1

[Event "Oberliga Nord W 9596"]
[Site "Germany"]
[Date "1995.11.05"]
[Round "2.2"]
[White "Gottschlich, Carsten"]
[Black "Panzer, Peter"]
[Result "1/2-1/2"]
[WhiteElo "2170"]
[BlackElo "2360"]
[PlyCount "84"]
[EventDate "1995.10.??"]
[EventType "team"]
[EventRounds "9"]
[EventCountry "GER"]
[SourceTitle "EXT 2003"]
[Source "ChessBase"]
[SourceDate "2002.11.25"]
[SourceVersion "1"]
[SourceVersionDate "2002.11.25"]
[SourceQuality "1"]
[WhiteTeam "Stadthagen"]
[BlackTeam "Hannover SV"]
[WhiteTeamCountry "GER"]
[BlackTeamCountry "GER"]

1. c4 e6 2. Nf3 f5 3. g3 Nf6 4. Bg2 d5 5. b3 Bd6 6. 0-0 0-0 7. d4 b6 8. Ba3 Bxa3 9. Nxa3 Qe7 10. Qc1 Bb7 11. c5 Nc6 12. Rb1 bxc5 13. Qxc5 Qxc5 14. dxc5 Ba6 15. Rfe1 Rab8 16. Nc2 e5 17. Nd2 Ne4 18. Nxe4 dxe4 19. g4 g6 20. Rbd1 Rb5 21. gxf5 gxf5 22. Rd5 Bc8 23. Na3 Rb4 24. Red1 Be6 25. R5d2 a5 26. e3 a4 27. bxa4 Rxa4 28. Nb5 Rf7 29. Bf1 Kg7 30. Nd6 Rf8 31. Bb5 Rxa2 32. Bxc6 Rxd2 33. Rxd2 cxd6 34. Rxd6 Kf7 35. Bd7 Bxd7 36. Rxd7+ Ke6 37. Rxh7 Kd5 38. h4 Kxc5 39. h5 Kd5 40. h6 Rg8+ 41. Rg7 Rh8 42. Rg6 f4 1/2-1/2

[Event "BL2-Nord 9495"]
[Site "Germany"]
[Date "1995.??.??"]
[Round "3.1"]
[White "Panzer, Peter"]
[Black "Hansen, Lars Bo"]
[Result "0-1"]
[WhiteElo "2420"]
[BlackElo "2565"]
[PlyCount "82"]
[EventDate "1994.10.??"]
[EventType "team-tourn"]
[EventRounds "9"]
[EventCountry "GER"]
[SourceTitle "GER-chT2"]
[Source "ChessBase"]
[SourceDate "1999.07.01"]
[SourceVersion "1"]
[SourceVersionDate "1999.07.01"]
[SourceQuality "1"]
[WhiteTeam "Hannover SV"]
[BlackTeam "Luebeck"]
[WhiteTeamCountry "GER"]
[BlackTeamCountry "GER"]

1. d4 d5 2. c4 c6 3. Nf3 Nf6 4. Nc3 e6 5. e3 Nbd7 6. Bd3 dxc4 7. Bxc4 b5 8. Bd3 b4 9. Ne4 Be7 10. 0-0 0-0 11. Qc2 Bb7 12. Nxf6+ Nxf6 13. e4 h6 14. Rd1 Rc8 15. Be3 c5 16. dxc5 Ng4 17. Bd4 e5 18. h3 exd4 19. hxg4 Rxc5 20. Qd2 a5 21. Rac1 Rxc1 22. Rxc1 Bc8 23. Rc4 Be6 24. Rxd4 Qb6 25. Bb1 Bc5 26. Rd3 Rc8 27. Ne1 Be7 28. Nc2 Bg5 29. Ne3 Bxg4 30. Bc2 Qc6 31. Bb3 Qc1+ 32. Qxc1 Rxc1+ 33. Nd1 Be6 34. Kf1 a4 35. Bd5 Ra1 36. a3 bxa3 37. bxa3 Be7 38. Ke2 Bxa3 39. Nc3 Bb4 40. Nb5 a3 41. Rb3 Re1+ 0-1

[Event "Oberliga Nord W 9394"]
[Site "Germany"]
[Date "1994.05.08"]
[Round "8.1"]
[White "Bode, Wilfried"]
[Black "Panzer, Peter"]
[Result "1/2-1/2"]
[WhiteElo "2365"]
[BlackElo "2420"]
[PlyCount "81"]
[EventDate "1993.10.??"]
[EventType "team"]
[EventRounds "9"]
[EventCountry "GER"]
[SourceTitle "EXT 2003"]
[Source "ChessBase"]
[SourceDate "2002.11.25"]
[SourceVersion "1"]
[SourceVersionDate "2002.11.25"]
[SourceQuality "1"]
[WhiteTeam "Osnabrueck SV"]
[BlackTeam "Hannover SV"]
[WhiteTeamCountry "GER"]
[BlackTeamCountry "GER"]

1. e4 e6 2. d4 d5 3. Nd2 c5 4. exd5 Qxd5 5. Ngf3 cxd4 6. Bc4 Qd6 7. 0-0 Nf6 8. Nb3 Nc6 9. Nbxd4 Nxd4 10. Qxd4 Bd7 11. Be3 Rc8 12. Ne5 Qxd4 13. Bxd4 Bc5 14. Rad1 Bxd4 15. Rxd4 Ke7 16. Rfd1 Rhd8 17. f4 Be8 18. Rxd8 Rxd8 19. Rxd8 Kxd8 20. Kf2 Ne4+ 21. Ke3 Nd6 22. Bd3 f6 23. Nf3 h6 24. c4 b6 25. b4 Ke7 26. g3 Bc6 27. Nd4 Bg2 28. Nb3 Nb7 29. Kd4 Kd6 30. c5+ bxc5+ 31. bxc5+ Kc6 32. Bc4 Nxc5 33. Nxc5 e5+ 34. fxe5 fxe5+ 35. Kxe5 Kxc5 36. Bb3 Bh3 37. a3 a5 38. Ke4 Bf1 39. Ke3 Bc4 40. Bc2 Bd5 41. Bd3 1/2-1/2

[Event "Lippstadt"]
[Site "Lippstadt"]
[Date "1994.??.??"]
[Round "4"]
[White "Arkhipov, Sergey"]
[Black "Panzer, Peter"]
[Result "1/2-1/2"]
[WhiteElo "2530"]
[BlackElo "2420"]
[PlyCount "71"]
[EventDate "1994.06.??"]
[EventType "tourn"]
[EventRounds "11"]
[EventCountry "GER"]
[EventCategory "8"]
[SourceTitle "CBM 043"]
[Source "ChessBase"]
[SourceDate "1994.12.01"]
[SourceVersion "1"]
[SourceVersionDate "1994.12.01"]
[SourceQuality "1"]

1. e4 e6 2. d4 d5 3. Nd2 c5 4. exd5 Qxd5 5. Ngf3 cxd4 6. Bc4 Qd6 7. 0-0 Nf6 8. Nb3 Nc6 9. Nbxd4 Nxd4 10. Nxd4 Bd7 11. b3 0-0-0 12. Bb2 Qc7 13. Qe2 h5 14. h3 Ng4 15. Nf3 Bc6 16. hxg4 Bxf3 17. gxf3 hxg4 18. Qe5 Bd6 19. Qe4 gxf3 20. Qxf3 Ba3 21. Qg3 Bxb2 22. Qxc7+ Kxc7 23. Rad1 Bd4 24. Rd3 Rh4 25. Rfd1 Rf4 26. Kg2 g5 27. c3 Bf6 28. Rxd8 Bxd8 29. Bb5 Kc8 30. Bd7+ Kb8 31. Be8 Bb6 32. f3 g4 33. fxg4 Rxg4+ 34. Kh3 Rf4 35. c4 Bd4 36. Bxf7 1/2-1/2

[Event "NRW-Niedersachsen"]
[Site "Niedersachsen"]
[Date "1994.??.??"]
[Round "?"]
[White "Baumhus, Reinhard"]
[Black "Panzer, Peter"]
[Result "1/2-1/2"]
[WhiteElo "2360"]
[BlackElo "2420"]
[PlyCount "38"]
[EventDate "1994.??.??"]
[EventType "team"]
[EventRounds "1"]
[EventCountry "GER"]
[SourceTitle "GER"]
[Source "ChessBase"]
[SourceDate "1999.07.01"]
[SourceVersion "1"]
[SourceVersionDate "1999.07.01"]
[SourceQuality "1"]

1. e4 e6 2. Nf3 d5 3. e5 c5 4. d4 cxd4 5. Bd3 Nd7 6. 0-0 Ne7 7. Bf4 Nc6 8. a3 Be7 9. b4 a6 10. Re1 0-0 11. Nbd2 Re8 12. Nb3 f6 13. Nbxd4 Ndxe5 14. Bxe5 Nxe5 15. Rxe5 fxe5 16. Nxe5 Bf6 17. Bxh7+ Kxh7 18. Qh5+ Kg8 19. Qf7+ Kh7 1/2-1/2

[Event "Lippstadt"]
[Site "Lippstadt"]
[Date "1994.??.??"]
[Round "7"]
[White "Boensch, Uwe"]
[Black "Panzer, Peter"]
[Result "1-0"]
[WhiteElo "2535"]
[BlackElo "2420"]
[PlyCount "97"]
[EventDate "1994.06.??"]
[EventType "tourn"]
[EventRounds "11"]
[EventCountry "GER"]
[EventCategory "8"]
[SourceTitle "CBM 043"]
[Source "ChessBase"]
[SourceDate "1994.12.01"]
[SourceVersion "1"]
[SourceVersionDate "1994.12.01"]
[SourceQuality "1"]

1. d4 d5 2. c4 Bf5 3. Nc3 e6 4. Nf3 Nc6 5. cxd5 exd5 6. Bf4 Nf6 7. e3 Bb4 8. Bb5 0-0 9. 0-0 Bxc3 10. bxc3 Ne4 11. Qc1 Na5 12. Ne1 c5 13. f3 Nd6 14. Bd3 Bxd3 15. Nxd3 cxd4 16. cxd4 Rc8 17. Qd2 Re8 18. Rfe1 Nac4 19. Qf2 Qa5 20. h4 Qc3 21. Rad1 b6 22. h5 f6 23. Bxd6 Nxd6 24. Nf4 Qc6 25. Re2 f5 26. Rde1 Re7 27. Qh4 Rce8 28. Qg5 Nc4 29. Kf2 Rf7 30. Rg1 h6 31. Qh4 Rfe7 32. Rge1 b5 33. Qg3 b4 34. Qg6 Qxg6 35. Nxg6 Rc7 36. Rc1 Rcc8 37. Nf4 Nb6 38. Rec2 Rc4 39. Nd3 a5 40. Ne5 Rxc2+ 41. Rxc2 Rb8 42. Nc6 Ra8 43. Rc5 Na4 44. Rxd5 Nc3 45. Rxf5 Nxa2 46. Rxa5 Rxa5 47. Nxa5 Nc1 48. Nc4 b3 49. Nb2 1-0

[Event "Niedersachsen-Baden"]
[Site "Niedersachsen"]
[Date "1994.??.??"]
[Round "?"]
[White "Panzer, Peter"]
[Black "Beikert, Guenther"]
[Result "0-1"]
[WhiteElo "2420"]
[BlackElo "2415"]
[PlyCount "84"]
[EventDate "1994.??.??"]
[EventType "team"]
[EventRounds "1"]
[EventCountry "GER"]
[SourceTitle "GER"]
[Source "ChessBase"]
[SourceDate "1999.07.01"]
[SourceVersion "1"]
[SourceVersionDate "1999.07.01"]
[SourceQuality "1"]

1. d4 d5 2. c4 c6 3. Nf3 Nf6 4. cxd5 cxd5 5. Nc3 Nc6 6. Bf4 a6 7. a3 b5 8. Ne5 Bb7 9. e3 e6 10. Bd3 Bd6 11. Nxc6 Bxc6 12. Bg5 Qb6 13. Bxf6 gxf6 14. 0-0 a5 15. e4 b4 16. axb4 axb4 17. Nb5 Rxa1 18. Nxd6+ Ke7 19. Qxa1 Kxd6 20. e5+ fxe5 21. dxe5+ Kxe5 22. b3+ d4 23. Rd1 Rg8 24. Bf1 Qc5 25. f4+ Kxf4 26. Qxd4+ Qxd4+ 27. Rxd4+ Ke3 28. Rxb4 f5 29. g3 e5 30. Rc4 Bb5 31. Rc3+ Kd2 32. Rc5 Bxf1 33. Kxf1 e4 34. Rxf5 Rd8 35. Rf2+ Kd1 36. Ra2 Rf8+ 37. Kg2 e3 38. Ra1+ Kd2 39. Ra2+ Kd3 40. b4 e2 41. Ra3+ Ke4 42. Ra1 Rd8 0-1

[Event "Lippstadt"]
[Site "Lippstadt"]
[Date "1994.??.??"]
[Round "1"]
[White "Panzer, Peter"]
[Black "Brenke, Andreas"]
[Result "1/2-1/2"]
[WhiteElo "2420"]
[BlackElo "2265"]
[PlyCount "36"]
[EventDate "1994.06.??"]
[EventType "tourn"]
[EventRounds "11"]
[EventCountry "GER"]
[EventCategory "8"]
[SourceTitle "CBM 043"]
[Source "ChessBase"]
[SourceDate "1994.12.01"]
[SourceVersion "1"]
[SourceVersionDate "1994.12.01"]
[SourceQuality "1"]

1. Nf3 c5 2. e3 Nf6 3. b3 g6 4. Bb2 Bg7 5. Be2 0-0 6. 0-0 Nc6 7. c4 b6 8. d4 cxd4 9. exd4 d5 10. Ne5 Bb7 11. Bf3 Rc8 12. Na3 e6 13. Re1 Re8 14. Qd2 a6 15. Qf4 Re7 16. Nc2 dxc4 17. Nxc4 Rd7 18. Re2 Nd5 1/2-1/2

[Event "Budapest FS02 IM"]
[Site "Budapest"]
[Date "1993.??.??"]
[Round "?"]
[White "Panzer, Peter"]
[Black "Farago, Sandor"]
[Result "0-1"]
[WhiteElo "2330"]
[BlackElo "2340"]
[PlyCount "80"]
[EventDate "1993.02.??"]
[EventType "tourn"]
[EventRounds "13"]
[EventCountry "HUN"]
[EventCategory "3"]
[SourceTitle "EXT 1997"]
[Source "ChessBase"]
[SourceDate "1996.11.15"]
[SourceVersion "1"]
[SourceVersionDate "1996.11.15"]
[SourceQuality "1"]

1. d4 Nf6 2. c4 g6 3. Nc3 Bg7 4. e4 d6 5. Nf3 0-0 6. Be2 e5 7. 0-0 Nc6 8. d5 Ne7 9. Bd2 Kh8 10. Ne1 Ne8 11. Nd3 f5 12. exf5 gxf5 13. Kh1 c6 14. f4 e4 15. Nb4 Nf6 16. Qb3 a5 17. Nc2 cxd5 18. cxd5 Nfxd5 19. Nxd5 a4 20. Qb5 Bd7 21. Qxb7 Rb8 22. Qc7 Nxd5 23. Qxd6 Bb5 24. Qxd8 Rfxd8 25. Bxb5 Rxb5 26. Rab1 Rdb8 27. b4 axb3 28. axb3 Rxb3 29. Rxb3 Rxb3 30. Re1 Rb2 31. Rc1 h5 32. h4 Rb3 33. Rf1 e3 34. Bc1 Rc3 35. Na3 Rxa3 36. Bxa3 Bc3 37. Bb2 Bxb2 38. Re1 Bc3 39. Re2 Bd2 40. g3 Nc3 0-1